00317 2200145 4500245004600000250001100046100001800057650001000075005001900085260001400104041001400118084001000132300002000142336000900162 aBecause You SmillingcHisa KyomachihText aCet. 1 aHisa Kyomachi aKomik a20230202092444 bSS Comics aIndonesia a741.5 ailus. :c17 cm. atext